000 01355nam a2200217 a 4500
005 20240809063838.0
008 991125n198 [me 000 0 spa u
035 _aUPN01000005696
049 _aAV
099 _aPVI Z 0503
245 0 4 _aLos libros tienen la palabra, 3 :
_bLa Biblioteca Nacional.
260 _a[México] :
_bUTEC,
_c[198-].
300 _a1 videocasete (VHS) (26 min.) :
_bson., col.
520 _aEn 1833 es el primer intento de crear la Biblioteca Nacional pero sólo quedó en proyecto y es hasta la restauración de la reforma que el Presidente Juárez expide un decreto de depósito legal que obliga a los editores, impresores y autores del país a entregar 2 copias de su producción a esa institución, favoreciendo el crecimiento del acervo de la biblioteca. Actualmente cuenta con un edificio moderno y funcional que ofrece múltiples servicios bibliotecarios. En la sección el escritor y su mundo habla de Ricardo Garibay y sus obras, presenta un fragmento de su relato "Acapulco" y una entrevista con el escritor
501 _aCon: El hombre y el universo -- Fascículos "Cómo hacer mejor" -- El Archivo General de la Nación
600 1 4 _aGARIBAY, RICARDO,
_d1923-
610 2 4 _aBiblioteca Nacional de México
_93471
650 4 _aLiteratura mexicana
_94466
740 3 _aLa Biblioteca Nacional
905 _aAudiovisuales
999 _c5696
_d5696